| 000 | 01121nam0a22002651 4500 | ||
|---|---|---|---|
| 001 | rc\4538726 | ||
| 005 | 20250612112504.0 | ||
| 021 |
_aRU _b[67-53547] |
||
| 035 | _a(NLR Aleph) 008634573 | ||
| 090 |
_a8903935 _c8903935 |
||
| 100 | _a20130416d1967 |||y0rusy50 ca | ||
| 101 | 0 | _arus | |
| 102 | _aRU | ||
| 105 | _ay z ||||| | ||
| 200 | 1 |
_aБезопасность труда при работе с агрессивными и токсическими веществами _e[Учеб. пособие] _fМ-во высш. и сред. спец. образования СССР. Моск. ордена Ленина авиац. ин-т им. Серго Орджоникидзе |
|
| 210 |
_aМосква _cБ. и. _d1967 |
||
| 215 |
_a55 с. _d20 |
||
| 320 | _aБиблиогр.: с. 53 (14 назв.) | ||
| 606 |
_aХимические вещества _jСанитарные условия работы с ними _2psbo |
||
| 700 | 1 |
_aКолотилов _bН.Н. _gНиколай Николаевич |
|
| 801 | 0 |
_aRU _bNLR _gpsbo |
|
| 801 | 1 |
_aRU _bELAR _2rusmarc |
|
| 852 |
_aNLR _j67-4/13884 |
||
| 942 | _cBOOK | ||
| 980 | _aNB | ||